000 00369nam a2200157Ia 4500
008 151213s9999 xx 000 0 und d
100 _aPeter Brry
245 _aBeginning Theory
_cPeter Brry
250 _a2nd
260 _aU.K
_bManchaster University
_c1995
300 _a4222 p.
650 _aEnglish
650 _aLiterary
700 _aPeter Brry
999 _c2646
_d2646